[Event "Pardubice Czech op-A 21st"]
[Site "Pardubice"]
[Date "2010.07.28"]
[Round "6"]
[White "Pridorozhni, Aleksei"]
[Black "Klovans, Janis"]
[Result "1/2-1/2"]
[WhiteElo "2553"]
[BlackElo "2444"]
[PlyCount "47"]
[EventDate "2010.07.23"]
[EventType "swiss"]
[EventRounds "9"]
[EventCountry "CZE"]
[SourceTitle "CBM 137 Extra"]
[Source "ChessBase"]
[SourceDate "2010.09.01"]
[SourceVersion "1"]
[SourceVersionDate "2010.09.01"]
[SourceQuality "1"]

1. e4 e5 2. Nf3 Nc6 3. Bc4 Nf6 4. d3 Bc5 5. Bg5 d6 6. Nc3 h6 7. Bxf6 Qxf6 8. Nd5 Qd8 9. c3 a6 10. d4 exd4 11. cxd4 Ba7 12. h3 0-0 13. 0-0 Ne7 14. Nf4 b5 15. Bb3 c5 16. d5 Ng6 17. Nxg6 fxg6 18. e5 Bf5 19. e6 c4 20. Bc2 Bxc2 21. Qxc2 Rxf3 22. gxf3 Qg5+ 23. Kh1 Qh5 24. Qe4 1/2-1/2

[Event "Liechtenstein op Seniors 10th"]
[Site "Triesen"]
[Date "2010.05.15"]
[Round "9"]
[White "Klovans, Janis"]
[Black "Hohler, Peter"]
[Result "1/2-1/2"]
[WhiteElo "2449"]
[BlackElo "2178"]
[PlyCount "80"]
[EventDate "2010.05.07"]
[EventType "swiss"]
[EventRounds "9"]
[EventCountry "LIE"]
[SourceTitle "CBM 136 Extra"]
[Source "ChessBase"]
[SourceDate "2010.07.02"]
[SourceVersion "2"]
[SourceVersionDate "2010.07.15"]
[SourceQuality "1"]

1. e4 e5 2. Nf3 Nc6 3. d4 exd4 4. Nxd4 Bc5 5. Be3 Qf6 6. c3 Nge7 7. g3 d5 8. Bg2 dxe4 9. Nb5 Bxe3 10. Nxc7+ Kf8 11. fxe3 Rb8 12. Na3 a6 13. Nd5 Qg5 14. Nf4 Qc5 15. Nc2 Qe5 16. 0-0 h5 17. Nd4 Rh6 18. Qb3 Nd8 19. Rad1 Bg4 20. Rd2 h4 21. h3 Be6 22. Nfxe6+ Nxe6 23. Rdf2 Rf6 24. Nxe6+ fxe6 25. gxh4 Nd5 26. c4 Rxf2 27. Rxf2+ Nf6 28. Qc3 Qxc3 29. bxc3 Ke7 30. Rb2 Kd6 31. Bf1 Ke7 32. Kf2 Kd6 33. Kg3 Ke5 34. Be2 g6 35. Bg4 Nh5+ 36. Kf2 Rf8+ 37. Ke1 Rf7 38. Rb6 Ng7 39. a3 Rc7 40. Kd2 Rd7+ 1/2-1/2

[Event "Liechtenstein op Seniors 10th"]
[Site "Triesen"]
[Date "2010.05.13"]
[Round "7"]
[White "Klovans, Janis"]
[Black "Karl, Hans"]
[Result "1-0"]
[WhiteElo "2449"]
[BlackElo "2218"]
[PlyCount "81"]
[EventDate "2010.05.07"]
[EventType "swiss"]
[EventRounds "9"]
[EventCountry "LIE"]
[SourceTitle "CBM 136 Extra"]
[Source "ChessBase"]
[SourceDate "2010.07.02"]
[SourceVersion "2"]
[SourceVersionDate "2010.07.15"]
[SourceQuality "1"]

1. e4 e5 2. Nf3 Nc6 3. d4 exd4 4. Nxd4 Bc5 5. Be3 Nxd4 6. Bxd4 Bxd4 7. Qxd4 Qf6 8. e5 Qb6 9. Qc3 Ne7 10. Bc4 0-0 11. Nd2 d5 12. exd6 Qxd6 13. 0-0-0 Bf5 14. Nf3 Qf4+ 15. Kb1 Rad8 16. g3 Qh6 17. a3 Nc6 18. h4 Be6 19. Ng5 Bxc4 20. Qxc4 Qf6 21. f4 h6 22. Ne4 Qf5 23. Nc5 b6 24. Nb7 Na5 25. Qxc7 Rc8 26. Nd6 Rxc7 27. Nxf5 Kh7 28. Rhe1 Rfc8 29. Nd6 Rd8 30. Nb5 Rxd1+ 31. Rxd1 Re7 32. b4 Nc4 33. Rd4 Ne3 34. Rd3 Nf5 35. Nd6 Nxd6 36. Rxd6 Re3 37. Rd3 Re1+ 38. Kb2 Kg6 39. c4 Kf5 40. c5 Ke4 41. Rd2 1-0

[Event "Bad Bertrich op 17th"]
[Site "Bad Bertrich"]
[Date "2009.12.11"]
[Round "8"]
[White "Bogorad, Michail"]
[Black "Klovans, Janis"]
[Result "1/2-1/2"]
[WhiteElo "2100"]
[BlackElo "2428"]
[PlyCount "50"]
[EventDate "2009.12.04"]
[EventType "swiss"]
[EventRounds "9"]
[EventCountry "GER"]
[SourceTitle "CBM 134 Extra"]
[Source "ChessBase"]
[SourceDate "2010.03.03"]
[SourceVersion "1"]
[SourceVersionDate "2010.03.03"]
[SourceQuality "1"]

1. e4 c5 2. Nf3 e6 3. Qe2 Nc6 4. g3 g6 5. Bg2 Bg7 6. 0-0 Nge7 7. h4 d5 8. d3 h6 9. Rd1 b6 10. c4 0-0 11. Bf4 Bb7 12. Na3 Qd7 13. Bh3 f5 14. e5 Rad8 15. Bg2 a6 16. Nc2 Qc7 17. b3 Rd7 18. d4 Rfd8 19. dxc5 bxc5 20. Kh2 Kh7 21. Rac1 a5 22. Nce1 Ba6 23. Nd3 Nb4 24. Nxb4 axb4 25. Qc2 d4 1/2-1/2

[Event "Bad Bertrich Seniors op 17th"]
[Site "Bad Bertrich"]
[Date "2009.12.09"]
[Round "6"]
[White "Biebinger, Gerhard"]
[Black "Klovans, Janis"]
[Result "0-1"]
[WhiteElo "2193"]
[BlackElo "2434"]
[PlyCount "80"]
[EventDate "2009.12.04"]
[EventType "swiss"]
[EventRounds "9"]
[EventCountry "GER"]
[SourceTitle "EXT 2022"]
[Source "ChessBase"]
[SourceDate "2021.10.06"]
[SourceVersion "1"]
[SourceVersionDate "2021.10.06"]
[SourceQuality "1"]

1. Nf3 d5 2. c4 c6 3. d4 e6 4. Nbd2 Nf6 5. e3 Nbd7 6. Be2 Bd6 7. 0-0 0-0 8. b3 e5 9. dxe5 Nxe5 10. cxd5 Nxd5 11. Bb2 Qe7 12. Nc4 Nxc4 13. Bxc4 Nf6 14. h3 Bf5 15. Qe2 Rad8 16. a4 Ne4 17. Rfd1 Rfe8 18. Rac1 h6 19. Bd4 a6 20. Bb6 Bc7 21. Rxd8 Rxd8 22. Bxc7 Qxc7 23. Nd4 Bg6 24. Qg4 Kh7 25. Bd3 Qe7 26. Bxe4 Bxe4 27. f3 Bg6 28. Kf2 c5 29. Ne2 Rd3 30. Qf4 Rxb3 31. e4 b5 32. axb5 axb5 33. Nc3 c4 34. Nd5 Qc5+ 35. Kg3 f5 36. Qe5 Qf8 37. Ra1 fxe4 38. Nf4 Qf5 39. Qc7 exf3 40. Ra7 fxg2+ 0-1

[Event "Bad Bertrich Seniors op 17th"]
[Site "Bad Bertrich"]
[Date "2009.12.08"]
[Round "5"]
[White "Klovans, Janis"]
[Black "Limberg, Siegfried"]
[Result "1-0"]
[WhiteElo "2434"]
[BlackElo "2020"]
[PlyCount "83"]
[EventDate "2009.12.04"]
[EventType "swiss"]
[EventRounds "9"]
[EventCountry "GER"]
[SourceTitle "EXT 2022"]
[Source "ChessBase"]
[SourceDate "2021.10.06"]
[SourceVersion "1"]
[SourceVersionDate "2021.10.06"]
[SourceQuality "1"]

1. e4 c5 2. Nf3 e6 3. d4 cxd4 4. Nxd4 Nf6 5. Nc3 d6 6. Be2 a6 7. f4 Qc7 8. a4 b6 9. 0-0 Bb7 10. Bf3 Nc6 11. Be3 Be7 12. g4 Nd7 13. f5 Nxd4 14. Bxd4 0-0 15. Bg2 Rac8 16. Qe1 Ne5 17. Qg3 Nc6 18. Be3 Nb4 19. Rf2 Bf6 20. Rd1 Be5 21. Bf4 exf5 22. gxf5 f6 23. Qh4 Qc5 24. Kh1 Qc7 25. Rfd2 Bc6 26. Rxd6 Bxf4 27. Qxf4 Nxc2 28. Qd2 Nb4 29. Ne2 a5 30. Nf4 Qb7 31. Ne6 Bxe4 32. Rd7 Bxg2+ 33. Kg1 Qf3 34. Rxg7+ Kh8 35. Rxh7+ Kxh7 36. Qd7+ Kh6 37. Qg7+ Kh5 38. Qg6+ Kh4 39. Rd4+ Qe4 40. Qg3+ Kh5 41. Ng7+ Kh6 42. Qg6# 1-0

[Event "Bad Bertrich op 17th"]
[Site "Bad Bertrich"]
[Date "2009.12.04"]
[Round "1"]
[White "Klovans, Janis"]
[Black "Gerhards, Walter"]
[Result "1-0"]
[WhiteElo "2428"]
[BlackElo "1795"]
[PlyCount "131"]
[EventDate "2009.12.04"]
[EventType "swiss"]
[EventRounds "9"]
[EventCountry "GER"]
[SourceTitle "CBM 134 Extra"]
[Source "ChessBase"]
[SourceDate "2010.03.03"]
[SourceVersion "1"]
[SourceVersionDate "2010.03.03"]
[SourceQuality "1"]

1. e4 e5 2. Nf3 Nc6 3. Bb5 a6 4. Ba4 Nf6 5. 0-0 Be7 6. Re1 b5 7. Bb3 0-0 8. c3 d6 9. h3 Na5 10. Bc2 c5 11. d4 Qc7 12. Nbd2 Bd7 13. Nf1 Rfc8 14. d5 h6 15. Ne3 Nh7 16. b3 Ng5 17. Nh2 Bf6 18. Nhg4 Qd8 19. Nxf6+ Qxf6 20. Ng4 Qe7 21. f4 Nh7 22. fxe5 dxe5 23. Qf3 Ng5 24. Qg3 f6 25. h4 Nf7 26. Nxh6+ Nxh6 27. Bxh6 Kh7 28. Be3 Rh8 29. Rf1 Kg8 30. Rf2 Kf7 31. Raf1 Rag8 32. Bd1 Ke8 33. Bg4 Nb7 34. h5 c4 35. Bxd7+ Qxd7 36. Qg6+ Qf7 37. Qxf7+ Kxf7 38. h6 Rh7 39. hxg7 Rhxg7 40. Rxf6+ Ke7 41. Re6+ Kd7 42. Rf2 cxb3 43. axb3 Rc8 44. Bh6 Rh7 45. Rxa6 Nc5 46. Rg6 Nxe4 47. Re2 Nxc3 48. Rxe5 Rc5 49. Bf8 Rc8 50. Bb4 Na2 51. Rd6+ Kc7 52. Rc6+ Kd7 53. Rxc8 Kxc8 54. Bc5 Nc1 55. b4 Nd3 56. Re8+ Kd7 57. Rb8 Rh5 58. d6 Rd5 59. Rxb5 Nxb4 60. Rb7+ Kc6 61. Rc7+ Kb5 62. Bxb4 Kxb4 63. Kf2 Kb5 64. g4 Kb6 65. Kf3 Rxd6 66. Rc8 1-0

[Event "Wch Seniors 19th"]
[Site "Condino"]
[Date "2009.10.31"]
[Round "5"]
[White "Klovans, Janis"]
[Black "Vasiukov, Evgeni"]
[Result "1/2-1/2"]
[WhiteElo "2408"]
[BlackElo "2485"]
[PlyCount "136"]
[EventDate "2009.10.27"]
[EventType "swiss"]
[EventRounds "11"]
[EventCountry "ITA"]
[SourceTitle "EXT 2010"]
[Source "ChessBase"]
[SourceDate "2010.11.25"]
[SourceVersion "1"]
[SourceVersionDate "2010.11.25"]
[SourceQuality "1"]

1. e4 c5 2. Nf3 Nc6 3. d4 cxd4 4. Nxd4 Nf6 5. Nc3 d6 6. Bg5 Qb6 7. Nb3 e6 8. Bxf6 gxf6 9. Qd2 a6 10. 0-0-0 Bd7 11. f4 h5 12. Be2 0-0-0 13. Rhf1 Be7 14. Rf3 Rdg8 15. Bf1 Kb8 16. Kb1 Rc8 17. Qe1 Rc7 18. Rh3 Nb4 19. Qe2 h4 20. a3 Nc6 21. Qe1 Rhc8 22. Ka2 f5 23. exf5 d5 24. fxe6 Bxe6 25. Nxd5 Bxd5 26. Rxd5 Qg1 27. c3 Rd8 28. Rxd8+ Bxd8 29. g3 Re7 30. Qd1 Re3 31. gxh4 Rxh3 32. Qd6+ Bc7 33. Qf8+ Nd8 34. Bxh3 Qxh2 35. Bd7 Qxh4 36. f5 Qc4 37. Qe7 Qd5 38. f6 Qc4 39. Bf5 Nc6 40. Qf8+ Nd8 41. Qe8 Qc6 42. Qe7 Qc4 43. Qd7 Bb6 44. Bd3 Qc6 45. Qe7 Qd5 46. Be4 Qc4 47. Qe5+ Qc7 48. Qf5 Qc8 49. Qf3 Qd7 50. Bd5 Qd6 51. Nd2 Bc7 52. c4 Qh2 53. Ne4 Be5 54. Qb3 Bd4 55. c5 Qc7 56. Nd6 Bxc5 57. Nxf7 Nxf7 58. Bxf7 Bd4 59. Bc4 Bxf6 60. Bxa6 Bd4 61. Bc4 Qb6 62. Qc2 Qc5 63. Qd3 Qe5 64. Qb3 Qc5 65. Bd5 Qb6 66. Qg3+ Qc7 67. Qg2 Ka7 68. Qd2 Qc5 1/2-1/2

[Event "Wch Seniors 19th"]
[Site "Condino"]
[Date "2009.10.29"]
[Round "3"]
[White "Klovans, Janis"]
[Black "Rooze, Jan"]
[Result "1-0"]
[WhiteElo "2408"]
[BlackElo "2253"]
[PlyCount "72"]
[EventDate "2009.10.27"]
[EventType "swiss"]
[EventRounds "11"]
[EventCountry "ITA"]
[SourceTitle "EXT 2010"]
[Source "ChessBase"]
[SourceDate "2010.11.25"]
[SourceVersion "1"]
[SourceVersionDate "2010.11.25"]
[SourceQuality "1"]

1. e4 e5 2. Nf3 d6 3. d4 exd4 4. Nxd4 Nf6 5. Nc3 Be7 6. Be2 0-0 7. 0-0 Re8 8. f4 Bf8 9. Bf3 a5 10. Re1 Nbd7 11. Be3 c6 12. Bf2 a4 13. a3 Qc7 14. h3 Nb6 15. Qd3 Nfd7 16. Rad1 Nc5 17. Qf1 Ne6 18. f5 Nxd4 19. Bxd4 Nd7 20. Ne2 Ne5 21. Nf4 b5 22. Qf2 Rb8 23. Qg3 b4 24. axb4 Rxb4 25. Kh1 Ba6 26. Bc3 Rbb8 27. Be2 Bxe2 28. Rxe2 Ra8 29. Nh5 Kh8 30. Ra1 Qb6 31. Rd2 Qc5 32. Rd4 a3 33. b4 Qb6 34. Rxd6 f6 35. Re6 Rxe6 36. fxe6 c5 1-0

[Event "Wch Seniors 19th"]
[Site "Condino"]
[Date "2009.10.27"]
[Round "1"]
[White "Klovans, Janis"]
[Black "Bondar, Leonid"]
[Result "1-0"]
[WhiteElo "2408"]
[BlackElo "2050"]
[PlyCount "63"]
[EventDate "2009.10.27"]
[EventType "swiss"]
[EventRounds "11"]
[EventCountry "ITA"]
[SourceTitle "EXT 2010"]
[Source "ChessBase"]
[SourceDate "2010.11.25"]
[SourceVersion "1"]
[SourceVersionDate "2010.11.25"]
[SourceQuality "1"]

1. e4 c6 2. Nc3 d5 3. Nf3 Bg4 4. h3 Bh5 5. exd5 cxd5 6. d4 e6 7. g4 Bg6 8. Ne5 Ne7 9. h4 h5 10. Bg5 f6 11. Nxg6 Nxg6 12. Bd3 Ne7 13. Be3 hxg4 14. Qxg4 Qd7 15. 0-0-0 f5 16. Qg3 Nec6 17. Rhe1 Bd6 18. Bf4 Bxf4+ 19. Qxf4 0-0 20. Re3 Rf6 21. Rg1 Na6 22. Reg3 Rf7 23. Bxa6 bxa6 24. h5 Qc7 25. Qd2 Re8 26. h6 Ree7 27. Ne2 f4 28. Rg4 e5 29. hxg7 f3 30. Nc3 Qd6 31. Rg6 Re6 32. Qh6 1-0

[Event "Liechtenstein Seniors op 09th"]
[Site "Triesen"]
[Date "2009.05.19"]
[Round "5"]
[White "Eperjesi, Laszlo"]
[Black "Klovans, Janis"]
[Result "1/2-1/2"]
[WhiteElo "2294"]
[BlackElo "2415"]
[PlyCount "43"]
[EventDate "2009.05.15"]
[EventType "swiss"]
[EventRounds "9"]
[EventCountry "LIE"]
[SourceTitle "CBM 130 Extra"]
[Source "ChessBase"]
[SourceDate "2009.07.02"]
[SourceVersion "2"]
[SourceVersionDate "2009.07.15"]
[SourceQuality "1"]

1. d4 Nf6 2. c4 e6 3. Nc3 d5 4. cxd5 exd5 5. Bg5 c6 6. e3 Be7 7. Qc2 0-0 8. Bd3 Nbd7 9. h3 Re8 10. Bf4 Nf8 11. Nf3 Bd6 12. Bxd6 Qxd6 13. 0-0-0 Be6 14. Kb1 Rac8 15. g4 c5 16. Ne5 cxd4 17. exd4 Ne4 18. Bxe4 dxe4 19. Qa4 f6 20. d5 Qxe5 21. dxe6 Rxe6 22. Rd5 1/2-1/2

[Event "Rilton Cup 38th"]
[Site "Stockholm"]
[Date "2009.01.03"]
[Round "7"]
[White "Krantz, Christopher"]
[Black "Klovans, Janis"]
[Result "0-1"]
[WhiteElo "2084"]
[BlackElo "2411"]
[PlyCount "80"]
[EventDate "2008.12.27"]
[EventType "swiss"]
[EventRounds "9"]
[EventCountry "SWE"]
[SourceTitle "CBM 128 Extra"]
[Source "ChessBase"]
[SourceDate "2009.03.05"]
[SourceVersion "2"]
[SourceVersionDate "2009.03.25"]
[SourceQuality "1"]

1. e4 c5 2. Nf3 d6 3. Bb5+ Bd7 4. Bxd7+ Qxd7 5. c4 Nf6 6. Nc3 Nc6 7. d4 cxd4 8. Nxd4 g6 9. f3 Bg7 10. Be3 0-0 11. 0-0 a6 12. Qd2 Nxd4 13. Bxd4 b5 14. Nd5 Nxd5 15. Bxg7 Kxg7 16. Qxd5 Qa7+ 17. Kh1 bxc4 18. Qxc4 Rfc8 19. Qd3 Qc5 20. Rfd1 Rab8 21. b3 Qa3 22. Qd2 Rc5 23. Rdc1 Rbc8 24. Rxc5 Rxc5 25. Rb1 a5 26. h3 h5 27. Kh2 Qb4 28. Qb2+ f6 29. Rc1 h4 30. a3 Qb8 31. Rxc5 dxc5+ 32. Kg1 a4 33. b4 cxb4 34. axb4 Qb5 35. Qc3 Qd7 36. Kf2 Qa7+ 37. Ke2 a3 38. b5 a2 39. Qa1 Qa4 40. b6 Qb5+ 0-1

[Event "Neckar op-A 13th"]
[Site "Deizisau"]
[Date "2009.??.??"]
[Round "5"]
[White "Klovans, Janis"]
[Black "Dziuba, Marcin"]
[Result "1/2-1/2"]
[WhiteElo "2415"]
[BlackElo "2535"]
[PlyCount "38"]
[EventDate "2009.04.09"]
[EventType "swiss"]
[EventRounds "9"]
[EventCountry "GER"]
[SourceTitle "CBM 129 Extra"]
[Source "ChessBase"]
[SourceDate "2009.05.05"]
[SourceVersion "2"]
[SourceVersionDate "2009.05.20"]
[SourceQuality "1"]

1. e4 c5 2. Nf3 d6 3. d4 cxd4 4. Nxd4 Nf6 5. Nc3 a6 6. Be2 e5 7. Nb3 Be7 8. 0-0 0-0 9. a4 Be6 10. f4 exf4 11. Bxf4 Nc6 12. Kh1 d5 13. e5 Nd7 14. Nxd5 Ndxe5 15. c4 Bg5 16. Nc5 Bxf4 17. Rxf4 Qg5 18. Qd2 Qh6 19. Rd1 Rab8 1/2-1/2

[Event "Wch Seniors 18th"]
[Site "Bad Zwischenahn"]
[Date "2008.10.28"]
[Round "1"]
[White "Bondar, Leonid"]
[Black "Klovans, Janis"]
[Result "0-1"]
[WhiteElo "2048"]
[BlackElo "2411"]
[PlyCount "96"]
[EventDate "2008.10.28"]
[EventType "swiss"]
[EventRounds "11"]
[EventCountry "GER"]
[SourceTitle "EXT 2009"]
[Source "ChessBase"]
[SourceDate "2008.11.26"]
[SourceVersion "1"]
[SourceVersionDate "2008.11.26"]
[SourceQuality "1"]

1. e4 c5 2. Nf3 e6 3. d4 cxd4 4. Nxd4 Nf6 5. Bd3 Nc6 6. Be3 a6 7. Nd2 d5 8. exd5 Nxd5 9. Nxc6 bxc6 10. Be4 Bb7 11. Qf3 Qc7 12. c4 Nxe3 13. Qxe3 Bd6 14. g3 0-0 15. c5 Be7 16. 0-0 Rfd8 17. Nc4 a5 18. Nb6 Rab8 19. Rfd1 Bf6 20. Rd2 Ba6 21. Rc1 g6 22. b3 Kg7 23. Rcd1 Rxd2 24. Rxd2 Qe5 25. h4 Be7 26. Nd7 Qa1+ 27. Kh2 Rc8 28. Nb6 Rc7 29. Nd7 Bc8 30. Nb6 Qe5 31. Na4 f5 32. Bf3 Qxe3 33. fxe3 e5 34. Rc2 Ba6 35. Nb6 e4 36. Bd1 Bd3 37. Rc1 Bf6 38. Na4 Rd7 39. Nb6 Rd8 40. Bc2 Be2 41. Bb1 Bb5 42. Nc4 Bxc4 43. Rxc4 Rd2+ 44. Kh3 Re2 45. a3 Rxe3 46. b4 Be5 47. Kg2 Rxg3+ 48. Kf1 Rxa3 0-1

[Event "Mlada Boleslav DOBA Cup"]
[Site "Mlada Boleslav"]
[Date "2008.08.02"]
[Round "8"]
[White "Sergeev, Vladimir"]
[Black "Klovans, Janis"]
[Result "1-0"]
[WhiteElo "2508"]
[BlackElo "2428"]
[PlyCount "75"]
[EventDate "2008.07.27"]
[EventType "tourn"]
[EventRounds "9"]
[EventCountry "CZE"]
[EventCategory "7"]
[SourceTitle "CBM 125 Extra"]
[Source "ChessBase"]
[SourceDate "2008.09.01"]
[SourceVersion "1"]
[SourceVersionDate "2008.09.01"]
[SourceQuality "1"]

1. d4 Nf6 2. Bg5 d5 3. Bxf6 exf6 4. e3 Bd6 5. g3 0-0 6. Bg2 c6 7. Nd2 Nd7 8. Ne2 f5 9. c4 dxc4 10. Nxc4 Bb4+ 11. Nc3 Nb6 12. Nd2 Be6 13. 0-0 a5 14. Qc2 Qe7 15. Rfd1 Rfd8 16. Nb3 a4 17. Nc1 a3 18. Nd3 axb2 19. Qxb2 Ba5 20. Nc5 Bxc3 21. Qxc3 Na4 22. Qb4 Nxc5 23. dxc5 g6 24. Rd6 Rxa2 25. Rxa2 Bxa2 26. Qa5 Rxd6 27. cxd6 Qxd6 28. Qxa2 Qd7 29. Bf3 Kf8 30. Qb2 h5 31. Qe5 Kg8 32. h4 Kf8 33. Be2 Qd2 34. Bf1 Qb4 35. Bd3 b5 36. Kg2 Qb3 37. Qc5+ Kg8 38. Be2 1-0

[Event "Mlada Boleslav DOBA Cup"]
[Site "Mlada Boleslav"]
[Date "2008.08.01"]
[Round "7"]
[White "Klovans, Janis"]
[Black "Spirin, Oleg"]
[Result "1/2-1/2"]
[WhiteElo "2428"]
[BlackElo "2446"]
[PlyCount "63"]
[EventDate "2008.07.27"]
[EventType "tourn"]
[EventRounds "9"]
[EventCountry "CZE"]
[EventCategory "7"]
[SourceTitle "CBM 125 Extra"]
[Source "ChessBase"]
[SourceDate "2008.09.01"]
[SourceVersion "1"]
[SourceVersionDate "2008.09.01"]
[SourceQuality "1"]

1. e4 c5 2. Nf3 d6 3. d4 cxd4 4. Nxd4 Nf6 5. Nc3 a6 6. Be2 e6 7. 0-0 Be7 8. f4 Qc7 9. a4 Nc6 10. Be3 0-0 11. Kh1 Re8 12. Nb3 b6 13. Qe1 Bb7 14. Qg3 Nb4 15. e5 Ne4 16. Nxe4 Bxe4 17. Nd4 Nc6 18. exd6 Bxd6 19. Nxc6 Qxc6 20. Bd4 Bf8 21. c3 Kh8 22. Rfe1 Qb7 23. Rad1 Red8 24. Bh5 Bc6 25. b3 b5 26. a5 Rd5 27. Bf3 Rd7 28. Bg4 Rd5 29. Bf3 Rd7 30. Bg4 Rd5 31. Bf3 Rdd8 32. Bg4 1/2-1/2